Przyjaciele - Statystyki

Ogólne statystyki
  • Ten quiz został rozwiązany 205 razy
  • Średni wynik to 11 z 15
Statystyki odpowiedzi
Pytania Odpowiedźi % Poprawnych
Ukochana Gunthera Rachel
98%
Nazwa ulubionej knajpy tytułowych "Przyjaciół" Central Perk
93%
Dziecko Rossa i Rachel Emma
90%
Jak miała na imię siostra Phoebe? Ursula
88%
Pierwsza żona Rossa Carol
86%
Kim z zawodu jest Ross? Paleontolog
86%
Z kim w 10 sezonie Phoebe wzięła ślub? Mike
85%
Tytuł serialu, w którym Joey grał główną rolę Dni naszego życia
81%
Irytująca dziewczyna Chandlera Janice
81%
Jak miała na imię małpka Rossa? Marcel
68%
Na jakiej wyspie Joey po raz pierwszy całuje Rachel? Barbados
66%
Kim był Gary, chłopak Phoebe? Policjant
60%
Chłopak-milioner Monici Pete
35%
..., gość od wina Paul
34%
Imię fanki Joeya, która nie odróżnia rzeczywistości od serialu Erika
7%
Nie znaleziono quizów pasujących do podanych kryteriów
Rozkład punktacji
Procent ludzi z każdym wynikiem
Percentyl według liczby udzielonych odpowiedzi
Twoja historia wyników
Nie rozwiązałeś tego quizu